Estatísticas para Treinadores vencedores da Copa CONMEBOL Libertadores

Clique aqui para jogar o quiz

Estatísticas Gerais

  • Esse quiz foi jogado 60 vezes
  • A pontuação média é 16 de 62

Estatísticas das Respostas

AnoClubeResposta% Correto
2019FlamengoJorge Jesus
100%
2021PalmeirasAbel Ferreira
94%
2020PalmeirasAbel Ferreira
94%
2017GrêmioRenato Portaluppi
92%
2012CorinthiansTite
88%
2013Atlético MineiroCuca
81%
2018River PlateMarcelo Gallardo
81%
2015River PlateMarcelo Gallardo
81%
2011SantosMuricy Ramalho
79%
2006InternacionalAbel Braga
69%
1993São PauloTelê Santana
69%
1992São PauloTelê Santana
69%
1995GrêmioLuiz Felipe Scolari
50%
1999PalmeirasLuiz Felipe Scolari
50%
2010InternacionalCelso Roth
48%
1997CruzeiroPaulo Autuori
44%
2005São PauloPaulo Autuori
44%
1962SantosLula
29%
1963SantosLula
29%
1981FlamengoPaulo César Carpegiani
29%
2016Atlético NacionalReinaldo Rueda
29%
1994Vélez SarsfieldCarlos Bianchi
27%
2000Boca JuniorsCarlos Bianchi
27%
2001Boca JuniorsCarlos Bianchi
27%
2003Boca JuniorsCarlos Bianchi
27%
2014San LorenzoEdgardo Bauza
27%
1998Vasco da GamaAntônio Lopes
25%
1983GrêmioValdir Espinosa
19%
2009EstudiantesAlejandro Sabella
6%
1987PeñarolÓscar Tabárez
6%
2008LDU QuitoEdgardo Bauza
4%
1996River PlateRamón Díaz
4%
1976CruzeiroZezé Moreira
4%
1989Atlético NacionalFrancisco Maturana
2%
1986River PlateHéctor Veira
2%
1982PeñarolHugo Bagnulo
2%
1973IndependienteHumberto Maschio
2%
1984IndependienteJosé Omar Pastoriza
2%
1985Argentinos JuniorsJosé Yudica
2%
1978Boca JuniorsJuan Carlos Lorenzo
2%
1977Boca JuniorsJuan Carlos Lorenzo
2%
1967RacingJuan José Pizzuti
2%
1980NacionalJuan Mujica
2%
1990OlimpiaLuis Cubilla
2%
1979OlimpiaLuis Cubilla
2%
1964IndependienteManuel Giúdice
2%
1965IndependienteManuel Giúdice
2%
2007Boca JuniorsMiguel Ángel Russo
2%
1991Colo-ColoMirko Jozić
2%
1969EstudiantesOsvaldo Zubeldía
2%
1968EstudiantesOsvaldo Zubeldía
2%
1970EstudiantesOsvaldo Zubeldía
2%
1972IndependientePedro Dellacha
2%
1975IndependientePedro Dellacha
2%
1974IndependienteRoberto Ferreiro
2%
1988NacionalRoberto Fleitas
2%
1961PeñarolRoberto Scarone
2%
1960PeñarolRoberto Scarone
2%
1966PeñarolRoque Máspoli
2%
1971NacionalWáshington Etchamendi
2%
2004Once CaldasLuis Fernando Montoya
0%
2002OlimpiaNery Pumpido
0%

Distribuição das Pontuações

Percentil de Números Respondidos

Porcentagem de Pessoas com Cada Pontuação

Sua Pontuação Histórica

Você não jogou esse quiz